LEADER 00857nam0-22003011i-450- 001 990005609320403321 005 20080507114253.0 035 $a000560932 035 $aFED01000560932 035 $a(Aleph)000560932FED01 035 $a000560932 100 $a19990604d1958----km-y0itay50------ba 101 0 $aita 105 $aa-------00--- 200 1 $aRoma medioevale$ftesto di Valerio Mariani$gfotografie di Leonard von Matt 210 $aGenova$cStringa$dc1958 215 $a64 p.$cill.$d29 cm 610 0 $aRoma medioevale 676 $a709.02 700 1$aMariani,$bValerio$f<1899- >$024629 702 1$aMatt,$bLeonard von$f<1909-1988> 801 0$aIT$bUNINA$gRICA$2UNIMARC 901 $aBK 912 $a990005609320403321 952 $a709.02 MAR 1$bST.ARTE 5246$fFLFBC 959 $aFLFBC 996 $aRoma medioevale$9603831 997 $aUNINA